000 00631nam a2200169 i 4500
001 83304
003 ES-MaACL
005 20230906174816.0
007 t|
008 041115s1976 sp ||||1| spa d
245 0 0 _aEstadística del movimiento de viajeros en establecimientos turísticos
_b: meses de julio, agosto y septiembre 1975 y resumen trimestral /
_cInstituto Nacional de Estadística.
260 _a[Madrid :
_bs.n.,
_c1976]
300 _aVI, 88 p. ;
_c27 cm.
650 0 4 _aTurismo-
_zEspaña-
_vEstadísticas.
_917669
710 2 _aInstituto Nacional de Estadística (España)
_95162
852 _aES-MaACL
_jE-9865
_bR.94397
999 _c83304
_d83304